000 00659nam a2200181Ia 4500
008 151018s9999 xx 000 0 und d
082 _bRBASDV33301
_a891.462
100 _aदिलीप परदेशी
245 _aनको स्वातंत्र्य स्त्रीला
250 _b1
260 _bचीरानी
_c1999
300 _a80
600 _aदिलीप परदेशी
630 _aनको स्वातंत्र्य स्त्रीला
700 _aदिलीप परदेशी
730 _aनको स्वातंत्र्य स्त्रीला
942 _cBOOK
999 _c1032816
_d1032813